| 000 | 00466nam a22001697a 4500 | ||
|---|---|---|---|
| 003 | BD-DhUL | ||
| 005 | 20181209161417.0 | ||
| 008 | 181209s1927 pk ||||| |||| 00| 0 urd d | ||
| 040 |
_aBD-DhUL _cBD-DhUL |
||
| 082 |
_a891.433 _bSUB |
||
| 100 | 0 | _aسدر شن | |
| 245 | 1 | 0 |
_aبہارستان / _cسدر شن |
| 260 |
_aلاہور : _bمیقول عام پریس، _c۱۹۲۷۔ |
||
| 300 |
_aص۔ ۳۸۴ ؛ _c۱۸ سم۔ |
||
| 650 | 4 | _aUrdu fiction | |
| 942 |
_2ddc _cBK |
||
| 999 |
_c245147 _d245147 |
||